<?xml version="1.0" encoding="UTF-8"?>
<record
    xmlns:xsi="http://www.w3.org/2001/XMLSchema-instance"
    xsi:schemaLocation="http://www.loc.gov/MARC21/slim http://www.loc.gov/standards/marcxml/schema/MARC21slim.xsd"
    xmlns="http://www.loc.gov/MARC21/slim">

  <leader>00506nam a2200193Ia 4500</leader>
  <controlfield tag="008">230125s9999    xx            000 0 und d</controlfield>
  <datafield tag="020" ind1=" " ind2=" ">
    <subfield code="a">978-0-415-48143-4</subfield>
  </datafield>
  <datafield tag="041" ind1=" " ind2=" ">
    <subfield code="a">eng</subfield>
  </datafield>
  <datafield tag="082" ind1=" " ind2=" ">
    <subfield code="a">302.35</subfield>
    <subfield code="b">PET</subfield>
  </datafield>
  <datafield tag="100" ind1=" " ind2=" ">
    <subfield code="a">Pettinger R</subfield>
    <subfield code="9">109842</subfield>
  </datafield>
  <datafield tag="245" ind1=" " ind2=" ">
    <subfield code="a">Organizational Behaviour</subfield>
  </datafield>
  <datafield tag="260" ind1=" " ind2=" ">
    <subfield code="c">2011</subfield>
    <subfield code="b">Routledge Taylor and Francis</subfield>
    <subfield code="a">New York</subfield>
  </datafield>
  <datafield tag="300" ind1=" " ind2=" ">
    <subfield code="a">580p</subfield>
  </datafield>
  <datafield tag="500" ind1=" " ind2=" ">
    <subfield code="a">O B</subfield>
  </datafield>
  <datafield tag="650" ind1=" " ind2=" ">
    <subfield code="a">Organiational behaviour</subfield>
    <subfield code="9">107776</subfield>
  </datafield>
  <datafield tag="700" ind1=" " ind2=" ">
    <subfield code="a">Pettinger R</subfield>
    <subfield code="9">109842</subfield>
  </datafield>
  <datafield tag="906" ind1=" " ind2=" ">
    <subfield code="b">149</subfield>
  </datafield>
  <datafield tag="999" ind1=" " ind2=" ">
    <subfield code="c">88876</subfield>
    <subfield code="d">88876</subfield>
  </datafield>
  <datafield tag="952" ind1=" " ind2=" ">
    <subfield code="0">0</subfield>
    <subfield code="1">0</subfield>
    <subfield code="4">0</subfield>
    <subfield code="7">0</subfield>
    <subfield code="a">HIMR</subfield>
    <subfield code="b">HIMR</subfield>
    <subfield code="d">2011-05-19</subfield>
    <subfield code="e">Forward Books</subfield>
    <subfield code="g">595.00</subfield>
    <subfield code="i">4723</subfield>
    <subfield code="l">0</subfield>
    <subfield code="o">302.35 PET B10463</subfield>
    <subfield code="p">HIMR-BK-10463</subfield>
    <subfield code="r">2023-01-25 00:00:00</subfield>
    <subfield code="v">446.00</subfield>
    <subfield code="w">2011-05-18</subfield>
    <subfield code="y">BK</subfield>
    <subfield code="z">B10463</subfield>
  </datafield>
  <datafield tag="952" ind1=" " ind2=" ">
    <subfield code="0">0</subfield>
    <subfield code="1">0</subfield>
    <subfield code="4">0</subfield>
    <subfield code="7">0</subfield>
    <subfield code="a">HIMR</subfield>
    <subfield code="b">HIMR</subfield>
    <subfield code="d">2012-02-27</subfield>
    <subfield code="e">Forward Books</subfield>
    <subfield code="g">595.00</subfield>
    <subfield code="i">4918/14.9.2011</subfield>
    <subfield code="l">0</subfield>
    <subfield code="o">302.35 PET B10823</subfield>
    <subfield code="p">HIMR-BK-10823</subfield>
    <subfield code="r">2023-01-25 00:00:00</subfield>
    <subfield code="v">446.00</subfield>
    <subfield code="w">2011-11-01</subfield>
    <subfield code="y">BK</subfield>
    <subfield code="z">B10823</subfield>
  </datafield>
</record>
